London Underground Stations: SUDDEN DEATH - Statistics

General Stats
  • This quiz has been taken 135 times
  • The average score is 8 of 12
Answers on the Grid
Answers color-coded by a green-red scale on the quiz's grid according to % correct below.
Arnos Grove
Brentwood
Moor Park
Ilford
Colliers Wood
Preston Road
Cockfosters
Burnt Oak
Theydon Bois
Romford
Goodge Street
Hanwell
Gants Hill
Stamford Brook
Elm Park
East Croydon
Osterley
Streatham
 
Answer Stats
Answer % Correct
Cockfosters
87%
Arnos Grove
84%
Goodge Street
84%
Burnt Oak
71%
Colliers Wood
65%
Osterley
61%
Stamford Brook
61%
Theydon Bois
61%
Gants Hill
58%
Elm Park
55%
Moor Park
48%
Preston Road
48%
No matching quizzes found
Score Distribution
Percent of People with Each Score
Percentile by Number Answered
Your Score History
You have not taken this quiz